00984nam a2200205 i 450000100060000000300090000600500170001500700030003200800410003510000400007624501210011626000460023730000370028350502160032070000380053670000380057485200300061299900170064295201190065973727ES-MaACL20230906171915.0t|040910s1932 sp ||||1| spa d1 aGóngora y Argote, Luis de.95824610aObras completas / cLuis de Góngora y Argote ; edición de Juan Millé y Giménez e Isabel Millé y Giménez. aMadrid : bM. Aguilar, c[1932] (fBlass) a1342 p. : bret., il. ; c18 cm.8 aContiene: Romances ; Sonetos ; Poemas ; Obras dramáticas ; Epistolario ; Indice de las personas mencionadas en el texto de las cartas ; Indice de las poesías que han sido atribuídas a Don Luis de Góngora1 aMillé y Giménez, Juan.9811951 aMillé Giménez, Isabel.981194 aES-MaACLjA-992 bR.11257 c73727d73727 00104070aATENEOMbATENEOMcSPP1d2008-01-17eSCl0oA-992p1077170r2023-02-23 00:00:00w2023-02-23yMONOGRAFIA